|
|
|
|
| LEADER |
00672nam a22002172a 4500 |
| 001 |
000945039 |
| 003 |
CZ BrMZK |
| 005 |
20100317130247.0 |
| 007 |
ta |
| 008 |
090609s1969 xo er|||||||||||hun d |
| 040 |
|
|
|a ABA001
|b cze
|d BOA001
|
| 100 |
1 |
|
|a Batta, György,
|d 1943-
|7 mzk2010565364
|4 aut
|
| 245 |
1 |
0 |
|a Testamentum :
|b versek /
|c György Batta
|
| 260 |
|
|
|a Bratislava :
|b Madách,
|c 1969
|
| 300 |
|
|
|a 47 s. :
|b il. ;
|c 8°
|
| 500 |
|
|
|a Frontispis
|
| 500 |
|
|
|a Spoluvyd. Szépirodalmi Könyvkiadó, Budapest
|
| 910 |
|
|
|a BOA001
|b 1-0637.311
|
| 990 |
|
|
|a BK
|
| 991 |
|
|
|b 200906
|
| 996 |
7 |
|
|b 2619491653
|c 1-0637.311
|l MZK
|r Sklad / do 1 hodiny
|n 0
|w 000945039
|u 000010
|a 1
|e BOA001
|j MZK50
|s A
|